000 00925cam a22003017a 4500
001 12958825
005 20180208040712.0
008 021004s2002 enka b 001 0 eng
010 _a 2002514238
015 _aGBA2-X8029
016 7 _a101146355
_2DNLM
020 _a0470843608 (pbk.)
035 _a(OCoLC)ocm49593679
040 _aNLM
_cNLM
_dUKM
_dIXA
_dDLC
041 _aeng
042 _alccopycat
060 0 0 _a2002 F-876
060 1 0 _aQW 25
_bS735m 2002
080 _a572.8 SPA
082 0 4 _a572.8 SPA
_221
100 1 _a11
101 _aBIO
245 1 0 _aMethods in molecular biology and protein chemistry :
_cBrenda D. Spangler.
504 _aIncludes bibliographical references and index.
906 _a7
_bcbc
_ccopycat
_d3
_encip
_f20
_gy-gencatlg
942 _2ddc
_cBK
999 _c42094
_d42094